[Event "Sitges Sunway op 3rd"]
[Site "Sitges"]
[Date "2016.12.20"]
[Round "6"]
[White "Romanov, Evgeny"]
[Black "Granda Zuniga, Julio E"]
[Result "1-0"]
[WhiteElo "2622"]
[BlackElo "2646"]
[Annotator "Romanov,E"]
[PlyCount "69"]
[EventDate "2016.12.16"]
[EventType "swiss"]
[EventRounds "9"]
[EventCountry "ESP"]
[SourceTitle "EXT 2019"]
[Source "ChessBase"]
[SourceDate "2018.10.10"]
[SourceVersion "1"]
[SourceVersionDate "2018.10.10"]
[SourceQuality "1"]
[TimeControl "5400+30"]
[WhiteClock "0:02:21"]
[BlackClock "0:08:35"]

{I came to Catalonia some days after the tournament in Rome, which I
successfully managed to win. Of course, it brought positive emotions, but
energy level, whenever you're playing in several tournaments in a row, goes
down. I had to keep this fact in mind before every game in Sitges, but
unfortunately, some strange and ridiculous mistakes have been done during 4th
hour of several games... Therefore I'd like to thank organizers for perfect
conditions they provide us with! Not many strong open events held in beautiful
resort hotels on the seaside with an opportunity to watch waves and sunset
directly from playing venue!} 1. d4 {[%emt 0:08:08]} Nf6 {[%emt 0:00:24]} 2.
Nf3 {[%emt 0:00:11]} e6 {[%emt 0:00:45]} 3. c4 {[%emt 0:00:07]} b6 {[%emt 0:01:
10]} 4. g3 {[%emt 0:00:11]} Bb7 {[%emt 0:00:45] The game vs legend Julio
Granda was played in round 6. We shared 1st place with 4.5 points before this
game. I can't say my mood and emotions were good enough. The reason of this is
the previous game with GM Lopez Martinez Josep Manuel (who played decent chess
in this tournament from my perspective), where I destroyed absolutely normal
position with a couple of blunders and won the game only because of luck. So,
the plan vs Julio was to play calm chess, not entering into huge complications
and trying to get a little plus.} 5. Bg2 {[%emt 0:00:08]} Be7 {[%emt 0:00:39]}
6. O-O {[%emt 0:00:09]} O-O {[%emt 0:00:04]} 7. Nc3 {[%emt 0:00:05]} Ne4 {
[%emt 0:00:12]} 8. Bd2 {[%emt 0:00:07]} Bf6 {[%emt 0:06:18]} 9. Rc1 {[%emt 0:
00:14] This opening takes a leading position in the recent repertoire of my
opponent. But before next move, he turned into deep thought. Definitely, he
tried to avoid my preparation in his usual line with 9...d6. But maybe the
choice of black is not the best.} c5 {[%emt 0:04:44]} 10. d5 {[%emt 0:00:20]}
exd5 {[%emt 0:01:27]} 11. cxd5 {[%emt 0:00:08]} Bxc3 $6 {[%emt 0:04:29]} ({
11...Nd2 happened in some GMs games. But from my humble perspective after} 
11... Nxd2 12. Nxd2 d6 13. Nde4 Be7 14. f4 $1 {white's play is easier, that
was proved by Magnus on last Olympiad.} f5 15. Nf2 Ba6 16. a4 Bf6 17. Re1 Nd7
18. e3 Rb8 19. Qc2 g6 20. Nb5 Bxb5 21. axb5 Bg7 22. Bh3 Kh8 23. e4 g5 24. fxg5
f4 25. Bf5 fxg3 26. Nh3 gxh2+ 27. Kh1 Be5 28. Qe2 Rf7 29. Rc2 Rg7 30. Rf1 Qe8
31. Qd3 Nf8 32. Rg2 Ng6 33. Bxg6 Qxg6 34. Nf4 Bxf4 35. Rxf4 Qh5 36. Qc3 Kg8 37.
Qf6 Rf7 38. Qe6 Rbf8 39. Rgf2 c4 40. g6 Qd1+ 41. Rf1 {1-0 (41) Carlsen,M (2857)
-Cordova,E (2638) Baku AZE 2016}) 12. Bxc3 {[%emt 0:01:37]} d6 {[%emt 0:05:28]
The black's plan is doubtful but understandable. He'd like to advance pawns
on q-side controlling the centre at the same time. In case of success, the
light-squared strategy of black might get very dangerous. However, I had a
feeling, that exchange of Benoni bishop can't promise black equal chances.} 13.
Be1 $1 {[%emt 0:01:33] Beginning of the plan in memory of Mark Dvoretsky. Both
black knights tend to control e4 square and attack d5 pawn. It reminded me the
conception of the extra piece- even (White Bishop on dark squares has no
opponent!). Also, 13. Nd2 would have given white easy play.} Re8 {[%emt 0:12:
40]} 14. Nh4 $1 {[%emt 0:09:47]} Ba6 $5 {[%emt 0:07:32] Here black had
realized my ambitions and try to make e4 difficult.} (14... Nd7 15. f3 Nef6 16.
e4 Ba6 17. Rf2 Ne5 18. Rc3 {-leads to the same type of position, but B on c1
is arrested for some more moves} b5 19. Bf1 $1 Qb6 (19... b4 20. Bxa6 bxc3 21.
Bxc3 $16) 20. b4 $1 {-and white is winning the fight for control over dark
squares}) 15. f3 {[%emt 0:02:16]} Nf6 {[%emt 0:01:29]} 16. Rf2 {[%emt 0:00:16]}
Nbd7 {[%emt 0:00:30]} 17. Bc3 {[%emt 0:06:14] This will give tempo when the b
pawn advances but bishop must take a diagonal!} b5 {[%emt 0:06:37]} 18. b3 {
[%emt 0:01:05]} b4 {[%emt 0:00:47]} 19. Ba1 {[%emt 0:00:06] Here on next move
I seriously considered c4, as it is the only one active and fast plan for
counterplay. But it seems it doesn't give black enough compensation.} Ne5 {
[%emt 0:01:51]} (19... c4 20. bxc4 Ne5 21. e4 Nxc4 (21... Rc8 22. Nf5 Bxc4 23.
Rfc2 Ba6 24. f4 Rxc2 25. Rxc2 Nd3 26. Bf1 $18) 22. Bxf6 $1 Qxf6 23. Qa4 $18)
20. Qd2 {[%emt 0:02:47]} Bc8 {[%emt 0:14:25] Protecting f5.} (20... c4 21. Qxb4
Nxd5 (21... cxb3 22. Qxb3) 22. Qd2 Nf6 23. Nf5 d5 24. Qg5 Ng6 25. bxc4 dxc4 26.
e4 $16 {With complete domination}) 21. e4 {[%emt 0:01:59]} Qb6 $5 {[%emt 0:07:
48] The problem of black is f4 coming at once.} 22. h3 {[%emt 0:03:20]} (22. f4
$6 Neg4 23. Re2 c4+ 24. Bd4 c3 $1 25. Qd1 Qd8 $13) 22... a5 {[%emt 0:02:52]}
23. f4 {[%emt 0:03:25]} Ng6 {[%emt 0:03:09] Easy to see without exact
calculation, that black's play is too late.White gained maximum from their
position, and it's time for crucial attack now.} (23... Ned7 24. Re1 a4 25. e5
$18) 24. e5 {[%emt 0:13:43]} Nxh4 {[%emt 0:00:18]} 25. gxh4 {[%emt 0:13:34]}
Nh5 {[%emt 0:00:02] To be honest my energy was very low at this moment already,
and I missed a couple of my opponent's options, giving him practical chances..}
26. Bf3 $2 {[%emt 0:03:37]} (26. Kh2 $2 Qd8 $1 {-first blunder}) (26. e6 {
-was declined, because of following} fxe6 27. dxe6 Bxe6 28. f5 (28. Bf3 $1 Bf7
29. Bxh5 Bxh5 30. Qd5+ Bf7 31. Qg5 $18 {-was also missed}) 28... Bf7 29. Bxa8
Rxa8 30. Rg2 d5 {-with practical chances for black}) (26. Qd1 $3 {-the simplest
} Ng3 (26... g6 27. e6 fxe6 (27... f5 28. Qd2 Ra7 29. Qb2 Ng7 30. h5 $18) 28.
dxe6 Bxe6 29. f5 Bf7 30. fxg6 hxg6 31. Rxf7 $1 $18) 27. e6 Nf5 28. Qh5 g6 29.
exf7+ $18) 26... Ng3 {[%emt 0:00:11]} 27. e6 {[%emt 0:00:09]} fxe6 $4 {[%emt 0:
05:22] This is exactly what white was hoping for. Both bishops are in play now.
} (27... Nf5 $1 {-second missed opportunity} 28. Re1 fxe6 29. dxe6 Bb7 30. Bg4
Qc6 31. Kh2 Nd4 32. f5 {must be also completely winning for white, however, it
could be not easy over the board to allow the knight to jump on d4 :)}) 28.
dxe6 {[%emt 0:00:17]} Bb7 {[%emt 0:07:24]} (28... Bxe6 29. f5 {I suppose in
calculations black missed,that after} Nxf5 30. Bxa8 Rxa8 31. Rxf5 $1 {is coming
} Bxf5 32. Qd5+ $18) 29. f5 {[%emt 0:08:15]} Bxf3 {[%emt 0:00:09]} 30. Qg5 $1 {
[%emt 0:00:57] Intermediate move destroys all black's hopes!} Ra7 {[%emt 0:04:
19]} (30... Nxf5 31. Qxf5 Rf8 32. Qg5 Qb7 33. Rcf1 h6 34. Qg3 Rae8 (34... Bd5
35. Rf7) 35. Qxd6 a4 36. Qd7 $18 {Black is losing his bishop anyway}) 31. Qxg3
{[%emt 0:01:42]} Be4 {[%emt 0:00:44]} 32. f6 {[%emt 0:09:32]} Rxe6 {[%emt 0:00:
03]} 33. fxg7 $1 {[%emt 0:00:05]} Ra8 34. Rcf1 c4 35. Kh2 1-0

[Event "World Cup"]
[Site "Reykjavik"]
[Date "1991.??.??"]
[Round "3"]
[White "Karpov, Anatoly"]
[Black "Salov, Valery"]
[Result "1-0"]
[WhiteElo "2730"]
[BlackElo "2665"]
[Annotator "Salov,V"]
[PlyCount "133"]
[EventDate "1991.09.??"]
[EventType "tourn"]
[EventRounds "15"]
[EventCountry "ISL"]
[EventCategory "16"]
[SourceTitle "CBM 026"]
[Source "ChessBase"]
[SourceDate "1992.02.01"]
[SourceVersion "1"]
[SourceVersionDate "1992.02.01"]
[SourceQuality "1"]

1. d4 {Schussler} Nf6 2. c4 e6 3. Nf3 b6 4. g3 Bb7 5. Bg2 Be7 6. Nc3 Ne4 7. Bd2
Bf6 8. O-O O-O 9. Rc1 d6 10. d5 Nxd2 11. Qxd2 Qe7 $6 (11... e5 12. h4 $5 (12.
b4 a5 13. a3 Nd7 14. e4 g6 15. h4 Ba6 16. Nb5 h5 17. Rc2 {1/4-1/4,
Kasparov-Salov,Skelleftea 1989}) 12... Nd7 13. Bh3 g6 14. e4 Bg7 15. h5 Nf6 16.
hxg6 hxg6 17. Kg2 $36 {Epishin-Ehlvest,Terrassa 1991}) (11... Nd7 12. Nd4 Bxd4
13. Qxd4 e5 14. Qd2 a5 15. b3 Qe7 16. e4 Nc5 17. Rce1 g6 18. f4 f6 19. f5 $1 g5
20. Bf3 c6 21. Rd1 $16 {Pinter-Ribli,Hungary(ch)1981}) 12. e4 $1 Nd7 13. Nd4 $1
Bxd4 (13... a5 $2 14. dxe6 fxe6 15. e5 $1 dxe5 $8 16. Nxe6 $1 Bxg2 17. Nxf8
Bxf1 18. Qd5+ $18) (13... Kh8 14. f4 $16) (13... e5 {Schussler} 14. Nc6 $5 {
14.Sf5 + =} Bxc6 15. dxc6 Nb8 $6 16. Qd5 Qe8 17. Nb5 $16 Qd8) 14. Qxd4 e5 15.
Qd2 a5 (15... g6 {Schussler} 16. f4 $5 $14) 16. f4 Nc5 17. f5 f6 18. Bf3 $1 g5
19. b3 Bc8 (19... c6 20. Rfd1 $16) 20. Bd1 Bd7 21. a3 Ra7 (21... a4 $2 22. b4
Nb3 23. Bxb3 axb3 24. Qb2 $18) 22. b4 Nb7 23. Rf2 Nd8 24. Qe3 axb4 (24... Nf7
$5) 25. axb4 Nf7 26. h4 Kh8 27. Kf1 Rg8 28. Rcc2 $1 Qf8 29. Ra2 Rxa2 30. Rxa2
gxh4 31. gxh4 Qg7 32. Ke1 Nh6 33. Ra7 (33. Kd2 $6 {Schussler} Qg2+ 34. Kc1 Ng4
35. Rxg2 {(35. xg4! xg4 36. h6)} Nxe3 36. Rxg8+ Kxg8 37. Be2 Ng2 $15 {(Karpov)}
) 33... Be8 (33... Ng4 34. Qg3 $1 Qh6 35. Bxg4 Qc1+ 36. Nd1 $16) (33... Bxf5
34. exf5 Nxf5 35. Qf2 Nd4 36. c5 $1 (36. Ne4 f5 37. Nxd6 Qg6 $1 $44 (37... Qg1+
$2 38. Qxg1 Rxg1+ 39. Kf2 Rxd1 40. Nf7+ Kg7 41. Nxe5 f4 42. Nf3 $1 $18)) 36...
bxc5 37. bxc5 dxc5 38. d6 $18) 34. Kd2 Qg2+ 35. Kc1 Nf7 $1 (35... Ng4 36. Bxg4
Qxg4 37. Qh6 $18) (35... Rg3 36. Qd2 $1 (36. Qxh6 Rxc3+ 37. Kb1 Qxe4+ 38. Kb2
Rg3 39. Qf8+ Rg8 40. Qxf6+ Rg7 41. Rxc7 (41. Ra8 {Schussler} Qd4+ $10 {(Karpov)
}) 41... Qd4+ 42. Kc1 Qa1+ $10) 36... Qh3 37. Qxh6 Rxc3+ 38. Kb2 $18) 36. Rxc7
Rg3 37. Qd2 Qh3 38. Kb2 Kg7 $4 (38... Rd3 $1 $44) 39. Rc8 $4 $138 (39. Be2 $142
) 39... Bd7 $2 $138 (39... Rd3 40. Qc1 (40. Qc2 $2 Qe3 $1) 40... Qg2+ 41. Be2 (
41. Kb3 Bd7 42. Rc7 Be8 $44) 41... Ba4 $3 $44) 40. Rc7 Be8 $2 (40... Rd3 $142
$1) 41. Be2 $1 Qxh4 42. c5 bxc5 43. bxc5 Kf8 44. c6 $18 Qh2 45. Rc8 $6 (45. Rb7
$18) 45... Qf2 46. Rb8 (46. c7 $6 {Schussler} Qb6+ 47. Bb5 Kg7 $5 $13) 46...
Qc5 47. Qc2 Ng5 48. Rb3 $6 (48. Bh5 Kg7 49. Ne2 $1 (49. Bxe8 Nxe4 50. Rb3 Nxc3
51. Rxc3 Qb4+ 52. Qb3 Rg2+ 53. Rc2 Qd4+ 54. Ka2 Rg1 $40) 49... Qa3+ 50. Kb1 $18
) 48... Rg2 49. Rb5 Qa7 (49... Qd4 {Schussler} 50. Kb3 Rg3 51. Rb4 $18) 50. Qd3
h5 51. Qc4 Qd4 52. Kb3 Rg3 53. Kc2 Rg2 54. Kb3 Rg3 55. Kc2 $138 Rg2 56. Qd3 Qa7
$2 $138 (56... h4 $1 57. c7 Bd7 58. Rb8+ Ke7 59. c8=Q Bxc8 60. Rxc8 Qxd3+ 61.
Kxd3 h3 $44) 57. Rb7 Qc5 58. Rb5 Qa7 59. Rb7 Qc5 60. Kb3 $1 h4 61. Qc4 $1 $18
Qxc4+ 62. Bxc4 Nf3 (62... h3 63. c7 h2 (63... Bd7 64. Bb5 $18) 64. c8=Q h1=Q
65. Bb5 $18 (65. Qd8 $1 $18 {Schussler})) 63. Bb5 $1 Nd4+ 64. Kc4 h3 65. c7
Nxb5 66. c8=Q h2 67. Qe6 1-0

[Event "Hannover"]
[Site "Hannover"]
[Date "1991.??.??"]
[Round "4"]
[White "Lobron, Eric"]
[Black "Unzicker, Wolfgang"]
[Result "1/2-1/2"]
[WhiteElo "2545"]
[BlackElo "2480"]
[Annotator "Schussler,H"]
[PlyCount "122"]
[EventDate "1991.03.??"]
[EventType "tourn"]
[EventRounds "7"]
[EventCountry "GER"]
[EventCategory "9"]
[SourceTitle "CBM 022"]
[Source "ChessBase"]
[SourceDate "1991.06.01"]
[SourceVersion "1"]
[SourceVersionDate "1991.06.01"]
[SourceQuality "1"]

1. d4 Nf6 2. c4 e6 3. Nf3 b6 4. g3 Bb7 5. Bg2 Be7 6. Nc3 Ne4 7. Bd2 Bf6 8. Qc2
{8.Nh4!? (Ivantjuk)} Nxd2 9. Qxd2 O-O 10. O-O c5 $5 {10. - d6 11.Rad1 Nd7 is
more solid.} 11. d5 Bxc3 12. bxc3 Na6 13. Rad1 Nc7 14. dxe6 $5 dxe6 15. Qf4 Qc8
16. Ne5 Bxg2 17. Kxg2 f6 18. Nc6 e5 19. Ne7+ Kh8 20. Qe4 Qe6 21. Nf5 $10 Rfd8
22. Ne3 Ne8 23. Rd3 Nd6 24. Qd5 Qxd5+ 25. Rxd5 Ne4 26. Rfd1 Rxd5 27. Nxd5 Rd8
28. h4 Rd7 29. a4 Kg8 30. f3 Nd6 31. a5 Kf7 32. Ne3 Ke6 33. axb6 axb6 34. Rb1
Rb7 35. Ra1 f5 36. Ra4 f4 37. gxf4 exf4 38. Nd5 Ke5 39. Kh3 Nxc4 40. Nxf4 Kxf4
41. Rxc4+ Ke3 42. Re4+ Kd2 43. c4 b5 44. cxb5 Rxb5 45. Re5 Rb7 46. Rxc5 Kxe2
47. Kg4 Rf7 48. Re5+ Kd3 49. Re4 Rf6 50. h5 h6 51. Re7 g6 52. hxg6 Rxg6+ 53.
Kf5 Rg8 54. f4 Kd4 55. Re4+ Kd5 56. Re6 Rh8 57. Ra6 Rf8+ 58. Rf6 Rxf6+ 59. Kxf6
h5 60. Kg5 Ke6 61. Kxh5 Kf5 1/2-1/2

[Event "SUI-GP"]
[Site "Suhr"]
[Date "1991.??.??"]
[Round "9"]
[White "Summermatter, Daniel"]
[Black "Rozentalis, Eduardas"]
[Result "0-1"]
[WhiteElo "2320"]
[BlackElo "2570"]
[Annotator "Schussler,H"]
[PlyCount "56"]
[EventDate "1991.03.??"]
[EventType "tourn"]
[EventRounds "9"]
[EventCountry "SUI"]
[EventCategory "8"]
[SourceTitle "CBM 022"]
[Source "ChessBase"]
[SourceDate "1991.06.01"]
[SourceVersion "1"]
[SourceVersionDate "1991.06.01"]
[SourceQuality "1"]

1. d4 Nf6 2. c4 e6 3. Nf3 b6 4. g3 Bb7 5. Bg2 Be7 6. O-O O-O 7. Nc3 Ne4 8. Nxe4
Bxe4 9. Bf4 $5 {9.Nh4 =} d6 10. Rc1 Nd7 11. Qd2 h6 12. Rfd1 f5 13. b4 Nf6 $10
14. a4 Qe8 15. Qa2 Qh5 16. Rc3 Rf7 17. a5 Raf8 18. Ra3 g5 19. Bc1 f4 20. gxf4
Ng4 21. h3 gxf4 22. hxg4 Qxg4 23. Bxf4 Rxf4 24. Kf1 Kh8 25. axb6 axb6 26. Qd2
R4f6 27. Qe3 Rg8 28. Ke1 d5 0-1

[Event "Interzonal-14a"]
[Site "Subotica"]
[Date "1987.??.??"]
[Round "8"]
[White "Speelman, Jonathan S"]
[Black "Marjanovic, Slavoljub"]
[Result "1/2-1/2"]
[WhiteElo "2550"]
[BlackElo "2505"]
[Annotator "Schussler,H"]
[PlyCount "71"]
[EventDate "1987.06.??"]
[EventType "tourn"]
[EventRounds "17"]
[EventCountry "YUG"]
[EventCategory "11"]
[SourceTitle "CBM 003"]
[Source "ChessBase"]
[SourceDate "1988.04.01"]
[SourceVersion "1"]
[SourceVersionDate "1988.04.01"]
[SourceQuality "1"]

1. d4 Nf6 2. Nf3 e6 3. c4 b6 4. g3 Bb7 5. Bg2 Be7 6. O-O O-O 7. Nc3 Ne4 8. Bd2
Bf6 9. Rc1 c5 10. Ne1 $5 Nxc3 11. Bxc3 Bxg2 12. Nxg2 cxd4 13. Bxd4 Nc6 $5 (
13... Be7 $14) 14. Bxf6 (14. Bc3) 14... Qxf6 15. Qxd7 $5 (15. Qd2 $10) 15...
Rac8 16. Rc3 (16. Qd2 $5 Rfd8 17. Qc2 {/\} Nd4 18. Qe4 Qf5 19. Qe3) 16... h5 $5
(16... Rfd8 $5 17. Qb7 g6 (17... h5) (17... Qe5 $2 18. Rd3 $1 Na5 (18... Nd4 $2
19. Rfd1 $18 Qxe2 20. Nf4 $1 Nf3+ 21. Qxf3) (18... Rf8 19. Rd2 $1) 19. Rxd8+
Rxd8 20. Qxa7 Qxb2 21. c5)) (16... h6 $5) (16... g5 $5) 17. h4 $5 {/\ Nf4} (17.
Qd2 $5) 17... Rfd8 18. Qb7 Qe5 $1 19. Nf4 (19. Rd3 $2 Nd4 $1 20. e3 (20. Rfd1
Rc7 $1) 20... Nf3+ 21. Kh1 Rxd3 $17) 19... Rc7 20. Qa6 Nd4 $1 $44 (20... Rd2 $2
21. Qb5 $1) 21. Re3 (21. Re1) 21... Qf5 22. Qa4 Qc5 (22... g5 $5) 23. Rd1 Rcd7
24. Rc1 g6 $6 (24... b5 $5 25. Qa5 $1 (25. Nd3 $2 Nxe2+ 26. Rxe2 Rxd3 27. Qxb5
Rxg3+ $1)) (24... e5 $5 25. Nxh5 $13) 25. b4 $1 Qf5 26. c5 b5 27. Qa5 e5 28.
Nd3 $8 (28. Ng2 $4 Nc6 $1 29. Qxb5 Rd1+ 30. Rxd1 Rxd1+ 31. Kh2 Qh3+ $3 32. Kxh3
Rh1# {Marjanovic,S}) 28... Nxe2+ 29. Rxe2 Rxd3 30. c6 $1 Qg4 (30... Rd1+ 31.
Re1 R8d2 32. Qxa7 $1) 31. c7 $2 (31. Re3 $1 Rxe3 (31... Rd1+ 32. Kg2 $1) 32.
Qxd8+ Kg7 33. Qd2 $1 $18 {Speelman,J}) 31... Rxg3+ $1 32. fxg3 Qxg3+ 33. Kh1 $1
Qxh4+ 34. Rh2 Qe4+ 35. Rg2 Qh4+ 36. Rh2 1/2-1/2

[Event "Haninge"]
[Site "Haninge"]
[Date "1990.??.??"]
[Round "8"]
[White "Andersson, Ulf"]
[Black "Polugaevsky, Lev"]
[Result "1-0"]
[WhiteElo "2630"]
[BlackElo "2610"]
[Annotator "Schussler,H"]
[PlyCount "107"]
[EventDate "1990.05.??"]
[EventType "tourn"]
[EventRounds "11"]
[EventCountry "SWE"]
[EventCategory "14"]
[SourceTitle "CBM 018"]
[Source "ChessBase"]
[SourceDate "1990.10.01"]
[SourceVersion "1"]
[SourceVersionDate "1990.10.01"]
[SourceQuality "1"]

1. Nf3 Nf6 2. c4 e6 3. Nc3 b6 4. g3 Bb7 5. Bg2 Be7 6. O-O O-O 7. d4 Ne4 8. Nxe4
Bxe4 9. Ne1 Bxg2 10. Nxg2 d5 11. Qa4 c5 12. Be3 cxd4 13. Bxd4 dxc4 14. Qxc4 Qc8
15. Rac1 Na6 16. Nf4 Qxc4 17. Rxc4 Rfd8 18. Be3 b5 19. Rc3 Nb4 20. a3 e5 21.
axb4 exf4 22. Bxf4 Bxb4 23. Rc7 h6 24. Ra1 Bd6 25. Bxd6 Rxd6 26. Ra3 a5 27. Rb7
b4 $4 {At this point Polu was pretty irritated: why didn`t his opponent agree
to a draw? He moved the pawn with a bang to b4 - and suddenly the game was
more or less lost.} (27... Rd5 $10) 28. Rxb4 Re8 29. Rxa5 Rxe2 30. Rb8+ Kh7 31.
Rf5 Rd7 32. g4 g6 33. Rf4 Kg7 34. Kg2 Re5 35. h3 h5 36. b4 hxg4 37. hxg4 g5 38.
Rc4 Re2 39. Rb5 f6 40. Rf5 Rb2 41. b5 Rb7 42. Rcc5 Rb4 43. Kf3 Rb3+ 44. Ke2 Rb4
45. f3 Ra7 46. Kd3 Ra3+ 47. Rc3 Ra5 48. Rc7+ Kg6 49. Rc6 Raxb5 50. Rcxf6+ Kh7
51. Rf7+ Kh8 52. Rxb5 Rxb5 53. Rf5 Rb3+ 54. Ke4 1-0

[Event "ESP-chT"]
[Site "Oropesa del Mar"]
[Date "1996.??.??"]
[Round "5"]
[White "Rogers, Ian"]
[Black "Speelman, Jonathan S"]
[Result "1/2-1/2"]
[WhiteElo "2575"]
[BlackElo "2625"]
[Annotator "Speelman,J"]
[PlyCount "57"]
[EventDate "1996.??.??"]
[EventType "team"]
[EventRounds "9"]
[EventCountry "ESP"]
[SourceTitle "CBM 055"]
[Source "ChessBase"]
[SourceDate "1996.12.01"]
[SourceVersion "1"]
[SourceVersionDate "1996.12.01"]
[SourceQuality "1"]

1. d4 e6 2. Nf3 Nf6 3. c4 b6 4. g3 Bb7 5. Bg2 Be7 6. O-O O-O 7. Nc3 Ne4 8. Bd2
Bf6 9. Rc1 c5 10. d5 exd5 11. cxd5 Nxc3 12. Bxc3 d6 13. Nd2 Re8 14. Ne4 Be7 $5
(14... Bxc3 15. bxc3 $14) 15. g4 b5 16. b3 (16. b4 cxb4 17. Bxb4 a5) (16. a3 a5
17. b4 axb4 18. axb4 cxb4 19. Bxb4 Na6) 16... Nd7 17. f4 b4 18. Ba1 Nb6 (18...
Nf6 19. Nf2 $1 {xNf6}) 19. g5 $5 (19. Ng3 Bf6 20. Bxf6 Qxf6 {threatening Qd4+}
21. e4 $1 g6 22. e5 dxe5 23. Ne4 Qd8 $13) 19... Bxd5 20. Qd2 (20. Qd3 Qd7 $5 {
Rogers,I}) 20... Bf8 (20... Bxe4 21. Bxe4 d5 22. Bg2 $44 (22. Rfd1 dxe4 $1 23.
Qb2 Bf8 24. Rxd8 Raxd8 {is very pleasant for Black})) 21. Nf6+ gxf6 22. Bxd5 $1
(22. Bxf6 $2 Qd7 23. Bxd5 Nxd5 24. Qxd5 Qg4+ $17) 22... Nxd5 23. Qxd5 Rxe2 $5 (
23... f5) 24. gxf6 (24. Rfe1 Qe8 $1) (24. Rce1 $1 Rxe1 25. Rxe1 f5 (25... fxg5
$2 26. Re8 $3 $18 {Rogers,C}) (25... Rb8 26. gxf6 $36) 26. h4 (26. Bf6 Qc8 27.
h4 Rb8 28. h5 Qd7 (28... Qb7 $2 29. Qxb7 Rxb7 30. Re8 d5 31. h6 $18) 29. g6)
26... Rc8 27. h5 (27. Qxf5 Bg7 28. Bxg7 Kxg7 29. h5 $36) 27... Qd7 28. g6 hxg6
(28... Re8 $2 29. gxf7+ Qxf7 30. Qg2+ $18) (28... Bg7 $5) 29. hxg6 Re8 30.
gxf7+ Qxf7 31. Qg2+ Kh7 32. Qh3+) 24... Qe8 25. Rf3 Re1+ (25... Rc8 $5 26. Rcf1
Kh8 27. Rg3 h6 28. Qh5 Re3 29. Rg2 Re1) 26. Rxe1 Qxe1+ 27. Kg2 Qe2+ 28. Rf2 Qe6
29. Qxa8 (29. Qxa8 Qg4+ 30. Kf1 Qd1+ 31. Kg2 Qg4+ $10) 1/2-1/2

[Event "Legion-AdW match"]
[Site "Warsaw"]
[Date "1988.06.10"]
[Round "1.3"]
[White "Hass, Roman"]
[Black "Thormann, Wolfgang"]
[Result "0-1"]
[WhiteElo "2330"]
[BlackElo "2300"]
[Annotator "Thormann,W"]
[PlyCount "70"]
[EventDate "1988.06.10"]
[EventType "team"]
[EventRounds "2"]
[EventCountry "POL"]
[SourceTitle "EXT 2012"]
[Source "ChessBase"]
[SourceDate "2011.11.24"]
[SourceVersion "1"]
[SourceVersionDate "2011.11.24"]
[SourceQuality "1"]

{SCHACH 9/1988 Seite 20} 1. Nf3 Nf6 2. c4 e6 3. Nc3 b6 4. g3 Bb7 5. Bg2 Be7 6.
d4 {Durch diese Zugfolge hat Weiß die aktuelle La6-Variante verhindert.} Ne4 7.
Bd2 O-O {Eine selten gespielte Fortsetzung.} ({Üblicher ist} 7... f5) ({oder} 
7... d5) 8. Rc1 d6 9. O-O f5 10. d5 Nxc3 11. Bxc3 e5 12. c5 $5 dxc5 (12... bxc5
13. Nxe5 $1 dxe5 14. Qb3 Bd6 15. Qxb7 {mit Vorteil.}) 13. Nxe5 Bd6 14. e4 $2 ({
Besser} 14. f4) 14... Bxe5 15. Bxe5 Nd7 16. Bc3 fxe4 17. Bxe4 Nf6 18. Bxf6 {
Um nicht in Nachteil zu geraten, muss Weiß sich vom Läuferpaar trennen.} Qxf6
19. Qd3 h6 20. b4 {[#]} a5 $1 21. bxc5 ({Besser} 21. b5) 21... Ba6 22. Qb3 a4 {
Diesen Zug hatte mein Gegner in der Vorausberechnung übersehen.} 23. Qa3 Bxf1
24. Rxf1 Qd4 {Schwarz steht klar besser.} 25. Bg2 Rae8 26. cxb6 Qxb6 27. Bh3 {
Noch eine Falle.} Qd4 ({Jetzt würde} 27... Re2 $2 {nach} 28. Be6+ {den Vorteil
aus der Hand geben.}) 28. Bd7 Rb8 29. Qe7 Kh8 30. Bc6 Rf6 31. Kg2 {Zeitnot} Rb2
32. Qe8+ Kh7 33. Kh3 Qd3 34. Kg2 Qf3+ 35. Kh3 Rf5 0-1